| 000 | 00357nam a2200145Ia 4500 | ||
|---|---|---|---|
| 008 | 230312s9999||||xx |||||||||||||| ||und|| | ||
| 020 | _a0-7020-4728-2 | ||
| 082 |
_a616.0754 _bDOU-M |
||
| 100 | _aDouglas;Graham | ||
| 245 | 0 | _aMacleod's Clinical Examination | |
| 260 |
_bElsevier _aChina _c2013 |
||
| 300 | _a451 | ||
| 650 |
_aMedical _vMedicine |
||
| 942 | _cBK | ||
| 999 |
_c5051 _d5051 |
||